[Event "Zagreb Dan pobjede"]
[Site "Zagreb"]
[Date "2009.06.21"]
[Round "6"]
[White "Srebro, Mira"]
[Black "Novakovic, Ivan"]
[Result "0-1"]
[WhiteElo "1593"]
[BlackElo "1913"]
[PlyCount "140"]
[EventDate "2009.05.17"]
[EventType "tourn"]
[EventRounds "13"]
[EventCountry "CRO"]
[SourceTitle "EXT 2012"]
[Source "ChessBase"]
[SourceDate "2011.11.24"]
[SourceVersion "1"]
[SourceVersionDate "2011.11.24"]
[SourceQuality "1"]

1. e4 d5 2. e5 Bf5 3. Bb5+ c6 4. Ba4 g6 5. Qf3 Nd7 6. d4 h5 7. Ne2 Be4 8. Qg3 Qa5+ 9. Nbc3 h4 10. Qg4 h3 11. f3 hxg2 12. Qxg2 Bf5 13. Nf4 e6 14. Bd2 Bb4 15. Bb3 Qc7 16. Kd1 a5 17. a3 Bxc3 18. Bxc3 a4 19. Ba2 c5 20. Re1 c4 21. Re2 Ne7 22. Bb4 Nc6 23. c3 Nxb4 24. axb4 a3 25. Bb1 Bxb1 26. Rxb1 axb2 27. Rexb2 Nxe5 28. dxe5 Qxe5 29. Nh3 Qxc3 30. Ng1 Qd4+ 31. Ke1 c3 32. Rc2 Rc8 33. Kf1 Qd3+ 34. Qe2 Qxe2+ 35. Rxe2 Rc4 36. Ra2 c2 37. Rc1 Rxh2 38. Ne2 Rh1+ 39. Ng1 Rxb4 40. Raxc2 Ke7 41. Kg2 Rbh4 42. Rc7+ Kf6 43. Rxb7 R1h2+ 44. Kg3 Rh1 45. Rbc7 g5 46. Ne2 R1h3+ 47. Kf2 Kg6 48. Rc8 Rh2+ 49. Ke3 Ra4 50. Rg8+ Kh7 51. Rxg5 f6 52. Rgg1 Ra3+ 53. Rc3 Rxe2+ 54. Kxe2 Rxc3 55. Kf2 e5 56. Rg4 d4 57. Ke2 Re3+ 58. Kf2 Kh6 59. Rg8 f5 60. Rg1 Ra3 61. Ke2 e4 62. fxe4 fxe4 63. Rg4 Re3+ 64. Kd2 Kh5 65. Rg8 Ra3 66. Re8 e3+ 67. Ke2 Kg5 68. Rf8 Ra2+ 69. Ke1 d3 70. Rf3 Ra1# 0-1

[Event "Zagreb Dan pobjede"]
[Site "Zagreb"]
[Date "2009.05.24"]
[Round "2"]
[White "Novakovic, Ivan"]
[Black "Livic, Ranko"]
[Result "1-0"]
[WhiteElo "1913"]
[BlackElo "2006"]
[PlyCount "91"]
[EventDate "2009.05.17"]
[EventType "tourn"]
[EventRounds "13"]
[EventCountry "CRO"]
[SourceTitle "EXT 2012"]
[Source "ChessBase"]
[SourceDate "2011.11.24"]
[SourceVersion "1"]
[SourceVersionDate "2011.11.24"]
[SourceQuality "1"]

1. e4 d6 2. d4 Nf6 3. Bd3 Nc6 4. c3 g6 5. Be3 Bg7 6. f3 a6 7. Nd2 b5 8. Ne2 Na5 9. a4 Bd7 10. b4 Nb7 11. axb5 axb5 12. 0-0 0-0 13. d5 c5 14. dxc6 Bxc6 15. Rxa8 Qxa8 16. Nd4 Nd7 17. Nxc6 Re8 18. Nd4 Rc8 19. Nxb5 Ne5 20. Be2 Nd7 21. Qa1 Qb8 22. Ba7 Qa8 23. Bd4 Bh6 24. Qxa8 Rxa8 25. Nc4 Ra2 26. Bd3 Nd8 27. Be3 Bg7 28. Rb1 h5 29. Bd4 Bh6 30. Nc7 h4 31. h3 Bf4 32. Bf2 g5 33. Nd5 Bh2+ 34. Kxh2 Rxf2 35. Nxe7+ Kf8 36. Nd5 Ne6 37. Ra1 Ne5 38. Nxe5 dxe5 39. Rb1 Rd2 40. Bf1 Ke8 41. b5 Kd8 42. b6 Kc8 43. Ba6+ Kb8 44. Nb4 Rd6 45. Rd1 Rxd1 46. Nc6+ 1-0